[Event "Independence Cup A"]
[Site "Kiev UKR"]
[Date "2005.08.12"]
[Round "10"]
[White "Kruglyakov,P"]
[Black "Kruppa,Y"]
[Result "1/2-1/2"]
[WhiteElo "2242"]
[BlackElo "2525"]

1.e4 e6 2.d4 d5 3.Nc3 Bb4 4.e5 b6 5.Qg4 Bf8 6.Nf3 Qd7 7.h4 h5 8.Qf4 Ba6 9.Bxa6 Nxa6
10.O-O Nh6 11.Ne2 Be7 12.b3 Nb4 13.Qd2 c5 14.Ba3 Nc6 15.dxc5 bxc5 16.c4 dxc4
17.Qxd7+ Kxd7 18.bxc4 Ng4 19.Bb2 Na5 20.Rac1 Rab8 21.Rfd1+ Kc6 22.Ba3 Rb7
23.Ng3 Rd7 24.Rxd7 Kxd7 25.Kf1 Kc6 26.Ke2 g6 27.Ne4 Rd8 28.Ned2 Rb8 29.Rc3  1/2-1/2

[Event "HZ Open"]
[Site "Vlissingen NED"]
[Date "2005.08.14"]
[Round "9"]
[White "Struk,J"]
[Black "Bodicker,R"]
[Result "1-0"]
[WhiteElo "2232"]
[BlackElo "2114"]

1.e4 e6 2.d4 d5 3.Nc3 Bb4 4.e5 b6 5.Qg4 Bf8 6.g3 Qd7 7.Bg2 Ne7 8.h4 h5 9.Qd1 Nf5
10.Nce2 c5 11.c3 Ba6 12.Bf3 Nc6 13.Qa4 Bb7 14.Qd1 g6 15.a3 a5 16.Nh3 a4 17.Nhf4 Na5
18.O-O Nb3 19.Rb1 Ba6 20.Re1 Rc8 21.dxc5 bxc5 22.Nxd5 exd5 23.Nf4 Ne7 24.Bxd5 Qg4
25.Bxb3 axb3 26.Qxb3 g5 27.Nd5 Nxd5 28.Qxd5 Bc4 29.Qb7 Be7 30.e6 Bxe6 31.Bxg5 Bxg5
32.Qxc8+ Bd8 33.Qc6+ Kf8 34.Qxc5+ Be7 35.Qa7 Rg8 36.Rbd1 Rg6 37.Qd4 Qf3 38.Qh8+ Rg8
39.Qh6+ Ke8 40.Qe3 Qg4 41.Rd4 Qh3 42.Ra4 Bxh4 43.Ra8+ Bd8 44.Rd1 Ke7 45.Qe5 Qg4
46.Ra7+ Ke8 47.Rxd8+  1-0

[Event "HZ Open"]
[Site "Vlissingen NED"]
[Date "2005.08.14"]
[Round "9"]
[White "Van Leent,D"]
[Black "Rogers,I"]
[Result "1/2-1/2"]
[WhiteElo "2261"]
[BlackElo "2569"]

1.e4 e6 2.d4 d5 3.Nc3 Bb4 4.e5 b6 5.a3 Bxc3+ 6.bxc3 Qd7 7.a4 Ba6 8.Bxa6 Nxa6
9.Qd3 Nb8 10.Nf3 Nc6 11.O-O Nge7 12.Ba3 Na5 13.Nd2 O-O-O 14.Qa6+ Kb8 15.Bxe7 Qxe7
16.Rfb1 Ka8 17.Nb3 Nxb3 18.Rxb3 Rb8 19.a5 Qd7 20.axb6 cxb6 21.Rxb6 Rxb6 22.Qxb6 Rb8
23.Qa5 Rb7 24.h3 Qc7 25.Qa3 Qe7 26.Qa4 Qd7 27.Qa3 Qe7 28.Qa6 Qc7 29.Qa3  1/2-1/2

[Event "8th Open"]
[Site "Banyoles ESP"]
[Date "2005.08.18"]
[Round "2"]
[White "Bromberger,S"]
[Black "Vilar Lopez,M"]
[Result "1-0"]
[WhiteElo "2491"]
[BlackElo "2183"]

1.e4 e6 2.d4 d5 3.Nc3 Bb4 4.e5 Ne7 5.a3 Bxc3+ 6.bxc3 c5 7.Qg4 O-O 8.Bd3 Nbc6
9.Qh5 Ng6 10.Nf3 Nce7 11.dxc5 b6 12.c6 Qc7 13.a4 Qxc6 14.O-O a5 15.Ba3 Ba6
16.Nd4 Qxc3 17.Nb5 Bxb5 18.axb5 Ra7 19.Bd6 f5 20.exf6 Rxf6 21.Rae1 Nf5 22.Be5 Nxe5
23.Qe8+ Rf8 24.Qxe6+ Kh8 25.Rxe5 g6 26.Qxb6 Qxe5 27.Qxa7 Nd4 28.Qxa5 Rf4
29.Qd8+ Kg7 30.b6 Rf7 31.Rb1 Qf4 32.b7 Qxf2+ 33.Kh1 Ne2 34.Bxe2 Qxe2 35.Qb6 Rf1+
36.Qg1  1-0

[Event "Ada Open"]
[Site "Belgrade SCG"]
[Date "2005.08.19"]
[Round "5"]
[White "Lovric,R"]
[Black "Tasic,Z"]
[Result "0-1"]
[WhiteElo "2104"]
[BlackElo "2236"]

1.e4 e6 2.d4 d5 3.Nc3 Bb4 4.e5 Ne7 5.a3 Bxc3+ 6.bxc3 c5 7.Qg4 Nf5 8.Bd3 h5
9.Qh3 Qa5 10.Bd2 Qa4 11.g4 Ne7 12.gxh5 c4 13.Be2 Qxc2 14.Nf3 Bd7 15.Qg4 Nbc6
16.Rc1 Qh7 17.Ng5 Qg8 18.f4 Na5 19.O-O Nb3 20.Rc2 Nf5 21.Kf2 Qf8 22.Be3 O-O-O
23.Ra2 Ba4 24.Bd1 Qe7 25.Bc2 g6 26.Nxf7 Qxf7 27.hxg6 Rhg8 28.gxf7 Rxg4 29.Bxf5 exf5
30.Rg1 Bd7 31.Rxg4 fxg4 32.Kg3 Bf5 33.Rb2 Kd7 34.Bf2 Ke6  0-1

[Event "Masters"]
[Site "Abu Dhabi UAE"]
[Date "2005.08.22"]
[Round "8"]
[White "Fedorov,Alex"]
[Black "Potkin,V"]
[Result "1/2-1/2"]
[WhiteElo "2611"]
[BlackElo "2534"]

1.e4 e6 2.d4 d5 3.Nc3 Bb4 4.e5 Ne7 5.a3 Bxc3+ 6.bxc3 b6 7.Qg4 Ng6 8.h4 h5
9.Qd1 Qd7 10.Ne2 Qc6 11.Bd2 Ba6 12.a4 Bc4 13.Ng3 Bxf1 14.Kxf1 Qc4+ 15.Kg1 c5
16.Nxh5 Rh7 17.Ng3 cxd4 18.h5 dxc3 19.Bg5 Nxe5 20.Rh4 Qc6  1/2-1/2

[Event "2nd Dato' Arthur Tan Malaysian Open"]
[Site "Kuala Lumpur MAS"]
[Date "2005.08.24"]
[Round "8"]
[White "Mariano,N1"]
[Black "Panggabean,H"]
[Result "1-0"]
[WhiteElo "2466"]
[BlackElo "2222"]

1.e4 e6 2.d4 d5 3.Nc3 Bb4 4.e5 Qd7 5.a3 Bxc3+ 6.bxc3 b6 7.Nh3 Ba6 8.Bxa6 Nxa6
9.Nf4 g6 10.h4 Ne7 11.a4 O-O-O 12.Nd3 h6 13.Qe2 Nb8 14.a5 Nec6 15.axb6 cxb6
16.O-O Na5 17.Ba3 Nc4 18.Rfb1 Nc6 19.Bb4 Qe7 20.Nb2 Nxb2 21.Bd6 Rxd6 22.exd6 Qxd6
23.Rxb2 Kd7 24.c4 Rc8 25.c3 dxc4 26.h5 g5 27.Qxc4 Na5 28.Qd3 f5 29.Rb5 Ke7
30.Re1 Kf6 31.Rbe5 Nc4 32.Rxe6+ Qxe6 33.Rxe6+  1-0

[Event "49th TCh-ESP Honor 2"]
[Site "Sant Lluis ESP"]
[Date "2005.09.02"]
[Round "3"]
[White "Naiditsch,A"]
[Black "Chernin,A"]
[Result "1-0"]
[WhiteElo "2612"]
[BlackElo "2598"]

1.e4 e6 2.d4 d5 3.Nc3 Bb4 4.e5 b6 5.a3 Bf8 6.f4 Ba6 7.Bxa6 Nxa6 8.f5 Qd7
9.fxe6 fxe6 10.Qd3 Nb8 11.Nf3 Nc6 12.Ng5 O-O-O 13.Nxh7 Nge7 14.Bg5 Re8 15.g4 Rxh7
16.Qxh7 Nxd4 17.Rf1 Ndc6 18.Bf4 Na5 19.Bg3 Nc4 20.Qd3 Nc6 21.b3 N4xe5 22.Qa6+ Kb8
23.Nb5 Bd6 24.Qa4 Kb7 25.O-O-O a6 26.Nxd6+ cxd6 27.Qf4 Rc8 28.Kb1 Qc7 29.Rf2 Na7
30.a4 Qc5 31.Qd4 Nac6 32.Qxc5 bxc5 33.g5 Kc7 34.Rdf1 Re8 35.Rf8 Re7 36.h4 g6
37.Rg8 Rh7 38.Rff8 Ne7 39.Rh8 Rg7 40.Ra8 N5c6 41.a5 Nxa5 42.Ra7+ Nb7 43.Bxd6+ Kb6
44.Bxe7 Kxa7 45.Bf8 Rf7 46.h5 gxh5 47.g6 Rf1+ 48.Kb2  1-0

[Event "65th New England Open"]
[Site "Boxborough USA"]
[Date "2005.09.05"]
[Round "6"]
[White "Friedel,J"]
[Black "Vigorito,D"]
[Result "1-0"]
[WhiteElo "2424"]
[BlackElo "2360"]

1.e4 e6 2.d4 d5 3.Nc3 Bb4 4.e5 Qd7 5.Bd2 b6 6.Bb5 c6 7.Ba4 a5 8.a3 Bxc3 9.Bxc3 Ba6
10.Ne2 Bb5 11.Bb3 a4 12.Ba2 c5 13.Nf4 Nc6 14.Qg4 g6 15.dxc5 d4 16.Bb4 bxc5
17.Bxc5 Nxe5 18.Qg3 Bc4 19.Bxc4 Nxc4 20.O-O-O e5 21.Rhe1 O-O-O 22.Nd3 Qd5
23.b3 axb3 24.cxb3 e4 25.bxc4 Qxc4+ 26.Kb2 Qc3+ 27.Ka2 exd3 28.Bb4  1-0

[Event "TCh-FIN 2005-6"]
[Site "Helsinki FIN"]
[Date "2005.09.10"]
[Round "1"]
[White "Tiitta,S"]
[Black "Eskola,R"]
[Result "1-0"]
[WhiteElo "2236"]
[BlackElo "2151"]

1.e4 e6 2.d4 d5 3.Nc3 Bb4 4.e5 Qd7 5.Nf3 b6 6.h4 Ne7 7.h5 h6 8.a3 Bxc3+ 9.bxc3 Qa4
10.Nh4 c5 11.Rh3 cxd4 12.cxd4 Ba6 13.Rg3 Bxf1 14.Kxf1 Rg8 15.f4 Nbc6 16.Rd3 O-O-O
17.Rb1 g5 18.fxg5 hxg5 19.Nf3 g4 20.Ng5 Rh8 21.Kg1 Rxh5 22.Nxf7 Rg8 23.Rbb3 Nf5
24.Nd6+ Kd7 25.Nxf5 exf5 26.Bf4 Ke6 27.c4 Qxc4 28.Rbc3 Qb5 29.a4 Qb2 30.Rxc6+ Kd7
31.Rdc3 Rgh8 32.e6+ Ke7 33.Rc7+  1-0

[Event "TCh-FIN 2005-6"]
[Site "Tampere FIN"]
[Date "2005.09.11"]
[Round "2"]
[White "Fieandt,J"]
[Black "Tolonen,L"]
[Result "1/2-1/2"]
[WhiteElo "2161"]
[BlackElo "2372"]

1.e4 e6 2.d4 d5 3.Nc3 Bb4 4.e5 Qd7 5.Nf3 b6 6.Bd2 Bxc3 7.Bxc3 c5 8.h4 Ne7
9.h5 h6 10.Nh4 Ba6 11.Bxa6 Nxa6 12.Qd3 c4 13.Qg3 Rg8 14.f4 O-O-O 15.a3 Kb7
16.Qf3 g5 17.hxg6 fxg6 18.g4 Rgf8 19.Ng2 h5 20.Ne3 b5 21.O-O-O Qe8 22.gxh5 gxh5
23.Rxh5 Rxf4 24.Qh3 Nc6 25.Rh6 Nc7 26.Rf6 Rxf6 27.exf6 Qg6 28.Rf1 a5 29.f7 Rf8
30.Qg4 Qh7 31.Qf4 e5 32.dxe5 d4 33.Nf5 dxc3 34.Qe4  1/2-1/2

[Event "ch-Arab"]
[Site "Dubai UAE"]
[Date "2005.09.13"]
[Round "2"]
[White "El Taher,F"]
[Black "Al Hadarani,H"]
[Result "1-0"]
[WhiteElo "2456"]
[BlackElo "2320"]

1.e4 e6 2.d4 d5 3.Nc3 Bb4 4.e5 b6 5.a3 Bxc3+ 6.bxc3 Ne7 7.Qg4 Nf5 8.Bd3 h5
9.Qf3 c5 10.Ne2 Nc6 11.O-O g6 12.Rd1 Nh4 13.Qg3 c4 14.Bg5 cxd3 15.Bxd8 dxe2
16.Bxh4 exd1=Q+ 17.Rxd1 Ba6 18.Qf4 Rc8 19.Re1 Rh7 20.a4 Kd7 21.Qc1 Kc7 22.Bf6 h4
23.h3 Kb7 24.Re3 Na5 25.Rf3 Nc4 26.Rf4 b5 27.Qb1 Kb6 28.Bxh4 Na5 29.Be7 Rc4
30.Bd8+  1-0

[Event "Geller mem Open A"]
[Site "Odessa UKR"]
[Date "2005.09.15"]
[Round "1"]
[White "Golubev,M"]
[Black "Aliferenko,A"]
[Result "1-0"]
[WhiteElo "2517"]
[BlackElo "2289"]

1.e4 e6 2.d4 d5 3.Nc3 Bb4 4.e5 Qd7 5.a3 Bf8 6.Nf3 b6 7.Bb5 c6 8.Ba4 a5 9.Ne2 Ba6
10.c3 Bb5 11.Bc2 a4 12.O-O Ne7 13.Re1 h6 14.Be3 Qa7 15.Nf4 Nd7 16.h4 Bc4
17.Nd2 b5 18.Qg4 Nb6 19.Nh5 g6 20.Nf6+ Kd8 21.h5 g5 22.f4 gxf4 23.Qxf4 Bb3
24.Nxb3 axb3 25.Bxb3 Nf5 26.Bf2 Nd7 27.Bc2 Nxf6 28.Bxf5 Nh7 29.Bc2 Ke8 30.a4 Ng5
31.axb5 Qxa1 32.Rxa1 Rxa1+ 33.Kh2 cxb5 34.Bd3 Be7 35.Bxb5+ Kf8 36.c4 dxc4
37.Bxc4 Kg7 38.d5 exd5 39.Bxd5 Rd8 40.Qc4 Rd1 41.Qc7 Kf8 42.Bc5 Re8 43.Bxe7+ Rxe7
44.Qd8+ Re8 45.Qd6+ Kg7 46.Qf6+ Kg8 47.Qg6+  1-0

[Event "4th Kesarovski - Georgiev Memorial"]
[Site "Sunny Beach BUL"]
[Date "2005.09.19"]
[Round "4"]
[White "Panajotov,J"]
[Black "Gjurov,A"]
[Result "1-0"]
[WhiteElo "2302"]
[BlackElo "1939"]

1.e4 e6 2.d4 d5 3.Nc3 Bb4 4.e5 Ne7 5.Qg4 Ng6 6.h4 h5 7.Qg3 Nc6 8.Nf3 Nce7
9.Bd3 Nf5 10.Bxf5 exf5 11.Ng5 Qe7 12.O-O Bxc3 13.bxc3 Bd7 14.c4 dxc4 15.Ba3 f4
16.Qc3 Qd8 17.Qxc4 Be6 18.Nxe6 fxe6 19.Qxe6+ Ne7 20.Rab1 Rb8 21.Bxe7 Qxe7
22.Qg6+ Qf7 23.Qe4 c6 24.e6 Qc7 25.Qg6+ Kd8 26.Rfe1 Qe7 27.d5 Rh6 28.Qe4 cxd5
29.Qxd5+ Ke8 30.Rbd1 a6 31.Qe5 Rc8 32.Rd3 Qf6 33.Qd5 Rd8 34.Qxb7 Rxd3 35.cxd3 Qe7
36.Qb8+ Qd8 37.Qxf4 Rf6 38.Qg5 g6 39.Qe3 Qd6 40.Qe4 Ke7 41.Qb7+ Ke8 42.Qc8+ Ke7
43.Qb7+ Ke8 44.Rc1  1-0

[Event "4th Kesarovski - Georgiev Memorial"]
[Site "Sunny Beach BUL"]
[Date "2005.09.24"]
[Round "9"]
[White "Stoinev,M"]
[Black "Kolev,I"]
[Result "1-0"]
[WhiteElo "2285"]
[BlackElo "2162"]

1.e4 e6 2.d4 d5 3.Nc3 Bb4 4.e5 Ne7 5.a3 Bxc3+ 6.bxc3 c5 7.a4 Bd7 8.Nf3 Qa5
9.Qd2 Nbc6 10.Bd3 Nf5 11.dxc5 Nfe7 12.O-O Ng6 13.Re1 Qc7 14.Qg5 Na5 15.h4 Nc4
16.h5 Ne7 17.Qxg7 O-O-O 18.Qf6 Bc6 19.Nd4 a6 20.Bh6 Nf5 21.Nxf5 exf5 22.Bxf5+ Kb8
23.Bg7 Rhe8 24.h6 d4 25.Bxh7 Qa5 26.Bf5 Qxc5 27.h7 Nd2 28.h8=Q Rxh8 29.Bxh8 Qd5
30.Bh3 Rg8 31.Qd6+ Qxd6 32.exd6 Nf3+ 33.Kf1 Rxh8 34.Re7 Bd5 35.Ke2 Ng5 36.cxd4 Bc4+
37.Kd2 Rh4 38.Re8+ Ka7 39.d7  1-0

[Event "NK Rapid"]
[Site "Vlaardingen NED"]
[Date "2005.10.01"]
[Round "1"]
[White "Van den Doel,E"]
[Black "Vogel,Ja"]
[Result "1-0"]
[WhiteElo "2582"]
[BlackElo "2261"]

1.e4 e6 2.d4 d5 3.Nc3 Bb4 4.e5 b6 5.Nf3 Qd7 6.Bd3 Ba6 7.O-O Bxd3 8.Qxd3 Bf8
9.Ne2 Ne7 10.Nf4 Nbc6 11.Nh5 Nb4 12.Qe2 c5 13.c3 Nbc6 14.Rd1 c4 15.b3 Na5
16.Rb1 Nec6 17.Nd2 b5 18.Qg4 Ne7 19.Nxg7+ Bxg7 20.Qxg7 Rg8 21.Qxh7 O-O-O
22.Qc2 Nf5 23.Nf3 Rg4 24.h3 Re4 25.Ng5 Rh4 26.b4 Nc6 27.a4 a6 28.axb5 axb5
29.Qa2 Qb7 30.Ra1 Rd7 31.Qa8+ Qxa8 32.Rxa8+ Nb8 33.Bd2 Rh8 34.Rda1 Rb7 35.R1a7 Rd8
36.Nxf7 Rdd7 37.Rxb7 Kxb7 38.Rxb8+ Kxb8 39.Ng5 Ng7 40.g4 Rd8 41.Kg2 Kc7 42.h4 Kd7
43.Kg3 Rh8 44.Nf7 Rg8 45.Bg5 Ne8 46.h5 Rg7 47.Nh8 Rxg5 48.Ng6 Rxg6 49.hxg6 Ke7
50.f4 Kf8 51.Kh4 Kg7 52.Kg5 Nc7 53.f5  1-0

[Event "Open A"]
[Site "Hamburg GER"]
[Date "2005.10.03"]
[Round "3"]
[White "Murdzia,P"]
[Black "Becker,Mari"]
[Result "1-0"]
[WhiteElo "2448"]
[BlackElo "2135"]

1.e4 e6 2.d4 d5 3.Nc3 Bb4 4.e5 Ne7 5.a3 Bxc3+ 6.bxc3 c5 7.h4 Nbc6 8.h5 h6
9.Nf3 Qa5 10.Bd2 Bd7 11.a4 O-O-O 12.Bd3 c4 13.Be2 Kb8 14.O-O g6 15.Nh2 Nc8
16.Ng4 gxh5 17.Nf6 Nb6 18.Bxh5 Nxa4 19.Bxf7 Bc8 20.Qg4 b5 21.Rfb1 Ka8 22.Bxe6 Ne7
23.Bxc8 Nxc8 24.Qe6  1-0

[Event "Open A"]
[Site "Hamburg GER"]
[Date "2005.10.06"]
[Round "6"]
[White "Moeller,H"]
[Black "Akesson,J"]
[Result "0-1"]
[WhiteElo "2160"]
[BlackElo "2334"]

1.e4 e6 2.d4 d5 3.Nc3 Bb4 4.e5 Ne7 5.a3 Bxc3+ 6.bxc3 b6 7.Nf3 c5 8.h4 h6
9.g4 Ba6 10.Bh3 Qc7 11.Rg1 Nd7 12.g5 hxg5 13.Bxg5 g6 14.Qd2 cxd4 15.cxd4 Rc8
16.Kd1 Qc3 17.Qxc3 Rxc3 18.Rg3 Rc7 19.Rb1 Nc6 20.a4 Na5 21.Bd2 Nc4 22.Bc1 Nb8
23.Rg4 Nc6 24.Rb3 N6a5 25.Rc3 Bc8 26.Rf4 Bd7 27.Ng5 Bxa4 28.Ba3 Nc6 29.Rxc4 dxc4
30.Bd6 Rd7 31.Kc1 Nd8 32.Ne4 Rxd6 33.Nxd6+ Ke7 34.Bg2 f5 35.Nxc4 Bc6 36.f3 b5
37.Ne3 Bd5 38.Bf1 b4 39.Ba6 Nf7 40.Kb2 Nh6 41.Nc4 Rb8 42.Nd6 Ng8 43.Bc4 Bxc4
44.Nxc4 Kd7 45.Ne3 Ne7 46.d5 exd5 47.Rd4 Kc6 48.f4 Kc5 49.Rd3 d4 50.Nf1 a5
51.Nd2 a4 52.Nf3 Rd8 53.Ng5 Kd5 54.Nf7 Rf8 55.Nd6 Rh8 56.Nb5 Nc6 57.Rg3 Rh6
58.Nd6 Rxh4 59.Rxg6 Rxf4 60.Nc8 Nxe5 61.Nb6+ Kc5  0-1

[Event "Belgrade Premier League"]
[Site "Belgrade SCG"]
[Date "2005.10.07"]
[Round "5"]
[White "Karaklajic,N"]
[Black "Jovic,A"]
[Result "0-1"]
[WhiteElo "2353"]
[BlackElo "2409"]

1.e4 e6 2.d4 d5 3.Nc3 Bb4 4.e5 Ne7 5.a3 Bxc3+ 6.bxc3 c5 7.Qg4 Kf8 8.h4 Qa5
9.Bd2 Qa4 10.h5 h6 11.Rc1 Nbc6 12.Nf3 b6 13.Qf4 cxd4 14.cxd4 Ba6 15.Rh3 Bxf1
16.Kxf1 Rc8 17.Kg1 Ke8 18.g4 a5 19.c3 Qxa3 20.Nh4 Qb2 21.Rf3 Nd8 22.g5 a4
23.g6 Rf8 24.Qe3 fxg6 25.Rxf8+ Kxf8 26.Nxg6+ Nxg6 27.hxg6 a3 28.Qe1 a2 29.Ra1 Qc2
30.Kh2 Ra8 31.c4 dxc4 32.Bb4+ Ke8 33.Qg1 Ra4 34.Bd6 c3 35.Qf1 Ra5 36.Qg2 Qe2
37.Bb4 Qh5+ 38.Qh3 Qxh3+ 39.Kxh3 Ra4 40.Bxc3 Ra3 41.Kg4 Rxc3 42.Rxa2 Rc4
43.Rb2 Rxd4+ 44.f4 Nc6 45.Rxb6 Nxe5+ 46.Kh5 Nd3 47.Rxe6+ Kf8 48.Kg4 Nxf4
49.Ra6 Nxg6+ 50.Kf5 Ne7+  0-1

[Event "12th Young Masters"]
[Site "Zug SUI"]
[Date "2005.10.09"]
[Round "2"]
[White "Widmer,S"]
[Black "Kuemin,S"]
[Result "1-0"]
[WhiteElo "2201"]
[BlackElo "2373"]

1.e4 e6 2.d4 d5 3.Nc3 Bb4 4.e5 Ne7 5.a3 Bxc3+ 6.bxc3 c5 7.Nf3 Bd7 8.dxc5 Ba4
9.Rb1 Nd7 10.Rxb7 Nxc5 11.Rb4 Qd7 12.Be3 Ne4 13.Bd4 O-O 14.Bd3 Rac8 15.O-O Nxc3
16.Bxc3 Rxc3 17.Bxh7+ Kxh7 18.Ng5+ Kg6 19.Qg4  1-0

[Event "12th Young Masters"]
[Site "Zug SUI"]
[Date "2005.10.10"]
[Round "3"]
[White "Seps,M"]
[Black "Gasthofer,A"]
[Result "0-1"]
[WhiteElo "2200"]
[BlackElo "2418"]

1.e4 e6 2.d4 d5 3.Nc3 Bb4 4.e5 Ne7 5.a3 Bxc3+ 6.bxc3 c5 7.Qg4 Qa5 8.Bd2 cxd4
9.cxd4 Qa4 10.Bd3 h5 11.Qe2 Qxd4 12.Rb1 Qc5 13.Nf3 Qc7 14.O-O Nbc6 15.c4 Bd7
16.Rfc1 d4 17.Re1 f6 18.Bf4 O-O-O 19.exf6 Qxf4 20.fxe7 Nxe7 21.Ne5 Bc6 22.Qb2 Rd7
23.Nxd7 Kxd7 24.Be4 e5 25.Bxc6+ bxc6 26.Qe2 Ke6 27.Rb3 h4 28.Rf3 Qg5 29.Qe4 Rd8
30.c5 Rd5 31.Rd3 h3 32.Rxh3 Qf5 33.Qxf5+ Nxf5 34.f4 Rxc5 35.Rd3 Rd5 36.fxe5 c5
37.Kf2 c4 38.Rdd1 d3 39.g4 Nh4 40.Re3 Ng6 41.Ke1 Nf4 42.Kd2 Rd4 43.Rde1 Ng2
44.Re4 Nxe1  0-1

[Event "Goodbye Summer Open"]
[Site "Omis CRO"]
[Date "2005.10.11"]
[Round "2"]
[White "Zufic,M"]
[Black "Popovic,Da"]
[Result "1-0"]
[WhiteElo "2391"]
[BlackElo "2010"]

1.e4 e6 2.d4 d5 3.Nc3 Bb4 4.e5 b6 5.Qg4 Bf8 6.Bg5 Qd7 7.Bb5 c6 8.Ba4 h6 9.Bd2 a5
10.Bb3 Ne7 11.a3 Ba6 12.Nce2 Nf5 13.c3 h5 14.Qf3 c5 15.Bc2 Nh6 16.Qxh5 Nc6
17.Qf3 b5 18.Nh3 cxd4 19.cxd4 Rc8 20.Rc1 Be7 21.O-O Qa7 22.Bd3 b4 23.axb4 Bxd3
24.Qxd3 Bxb4 25.Bxb4 axb4 26.Qb5 Qd7 27.Rc5 Nf5 28.Rfc1 Nfe7 29.Nhf4 O-O
30.Qd3 Qa7 31.Qd2 g6 32.h4 Kg7 33.h5 Qd7 34.hxg6 fxg6 35.Ng3 Rh8 36.Nh3 Rcf8
37.Qg5 Qe8 38.Nf4 Nxd4 39.Nfh5+ Kf7 40.Qf6+  1-0

[Event "12th Young Masters"]
[Site "Zug SUI"]
[Date "2005.10.12"]
[Round "5"]
[White "Ragger,M"]
[Black "Gasthofer,A"]
[Result "1/2-1/2"]
[WhiteElo "2433"]
[BlackElo "2418"]

1.e4 e6 2.d4 d5 3.Nc3 Bb4 4.e5 Ne7 5.a3 Bxc3+ 6.bxc3 c5 7.Nf3 Qa5 8.Bd2 Nbc6
9.Be2 cxd4 10.cxd4 Qa4 11.Rb1 Nxd4 12.Bd3 Ndc6 13.Rb3 a6 14.O-O h6 15.Re1 Rb8
16.Be3 Na5 17.Rc3 Nac6 18.Rb3 Na5 19.Rc3 Nac6  1/2-1/2

[Event "Goodbye Summer Open"]
[Site "Omis CRO"]
[Date "2005.10.14"]
[Round "7"]
[White "Jokic,B"]
[Black "Klaric,A"]
[Result "1-0"]
[WhiteElo "2031"]
[BlackElo "1877"]

1.e4 e6 2.Nc3 Bb4 3.d4 d5 4.e5 b6 5.a3 Bf8 6.f4 Ne7 7.Nf3 Ba6 8.Bxa6 Nxa6
9.b4 Nb8 10.O-O h5 11.Qd3 Qd7 12.Ne2 Nf5 13.Ng3 Nxg3 14.hxg3 Nc6 15.Be3 Ne7
16.Nh4 g6 17.a4 Nc6 18.c3 Be7 19.Rac1 Bxh4 20.gxh4 Ne7 21.b5 Nf5 22.Bf2 Qd8
23.g3 Qd7 24.c4 dxc4 25.Rxc4 Ne7 26.Rfc1 Nd5 27.Qf3 a6 28.Rxc7 Qd8 29.R7c6 Kf8
30.bxa6 Kg7 31.Be3 Qe7 32.f5 Qa3 33.Bh6+  1-0

[Event "Goodbye Summer Open"]
[Site "Omis CRO"]
[Date "2005.10.14"]
[Round "7"]
[White "Dabo Peranic,R"]
[Black "Prlac,V"]
[Result "1-0"]
[WhiteElo "2262"]
[BlackElo "2157"]

1.e4 e6 2.d4 d5 3.Nc3 Bb4 4.e5 Ne7 5.a3 Bxc3+ 6.bxc3 c5 7.Qg4 O-O 8.Bd3 Nbc6
9.Nf3 f5 10.Qh3 Bd7 11.Rg1 c4 12.Be2 Be8 13.Ng5  1-0

[Event "Chigorin Mem"]
[Site "St Petersburg RUS"]
[Date "2005.10.16"]
[Round "2"]
[White "Smirnov,I UKR"]
[Black "Yankovsky,R"]
[Result "0-1"]
[WhiteElo "2459"]
[BlackElo "2178"]

1.e4 e6 2.d4 d5 3.Nc3 Bb4 4.e5 Ne7 5.a3 Bxc3+ 6.bxc3 b6 7.Qg4 Ng6 8.h4 h5
9.Qg3 Ba6 10.Bxa6 Nxa6 11.Ne2 Nb8 12.Bg5 Qd7 13.Qf3 Ne7 14.Nf4 g6 15.Bxe7 Qxe7
16.c4 c6 17.cxd5 cxd5 18.c4 Nc6 19.cxd5 Nxd4 20.Qe4 Qc5 21.dxe6 Qc3+ 22.Kd1 Qxa1+
23.Kd2 Qb2+ 24.Kd3 Qxa3+ 25.Kd2 Qb2+ 26.Kd3 Qc2+ 27.Kxd4 Qd2+  0-1

[Event "Independence Day Women"]
[Site "Sheki AZE"]
[Date "2005.10.17"]
[Round "3"]
[White "Umudova,N"]
[Black "Alieva,E"]
[Result "1-0"]
[WhiteElo "2101"]
[BlackElo "2176"]

1.e4 e6 2.d4 d5 3.Nc3 Bb4 4.e5 Ne7 5.f4 c5 6.Bd2 Nf5 7.Nf3 Nc6 8.dxc5 Bxc5
9.Bd3 O-O 10.g4 Nh4 11.Qe2 Nb4 12.O-O-O Nxf3 13.Qxf3 Bd7 14.Kb1 Rc8 15.Rhf1 Nxd3
16.Qxd3 f6 17.exf6 Qxf6 18.f5 Qh4 19.h3 Kh8 20.fxe6 Bxe6 21.Ne2 Rxf1 22.Rxf1 Rf8
23.Nf4 Bg8 24.Bc3 d4 25.Bxd4 Rxf4 26.Bxc5 Rxf1+ 27.Qxf1 Qg5 28.Ba3 Qa5 29.Qc1 b5
30.b3 Qc3 31.Qf1 a6 32.Bb2 Qc6 33.g5 h6 34.h4 hxg5 35.hxg5 Qg6 36.Qf4 Bh7
37.Qf8+ Bg8 38.Qd8 Qe6 39.Bc3 Kh7 40.Qd4 Qe7 41.Qd3+  1-0

[Event "SCG First League m"]
[Site "Vrnjacka Banja SCG"]
[Date "2005.10.21"]
[Round "5"]
[White "Nataf,IA"]
[Black "Drasko,M"]
[Result "1-0"]
[WhiteElo "2564"]
[BlackElo "2528"]

1.e4 e6 2.d4 d5 3.Nc3 Bb4 4.e5 Ne7 5.a3 Bxc3+ 6.bxc3 c5 7.Qg4 O-O 8.Bd3 Nbc6
9.Bg5 Qa5 10.Ne2 Ng6 11.O-O c4 12.Bxg6 fxg6 13.a4 Qc7 14.Bc1 Qf7 15.Ba3 Qf5
16.Qxf5 Rxf5 17.g4 Rf7 18.f4 Bd7 19.f5 gxf5 20.gxf5 Nd8 21.fxe6 Nxe6 22.Rxf7 Kxf7
23.a5 Re8 24.Rb1 Bc6 25.Kf2 h5 26.Ke3 h4 27.Rf1+ Kg6 28.Rg1+ Kf7 29.Nf4 Nxf4
30.Kxf4 Re6 31.Rg4 Rh6 32.Ke3 h3 33.Bc5 a6 34.Rg3 Bd7 35.Rf3+ Ke6 36.Bf8 Rg6
37.Rxh3 Rg2 38.Bb4 Rxc2 39.Rh8 Bc6 40.h4 Rh2 41.Kf3 Bd7 42.Kg3 Rh1 43.Kg2 Re1
44.h5 Re4 45.Kg3 Bc6 46.Rg8 Kf7 47.Rc8 Rg4+ 48.Kf3 Rg5 49.Rf8+ Ke6 50.h6 gxh6
51.Rf6+ Kd7 52.e6+ Kc7 53.Rf7+ Kc8 54.Bd6 Rg8 55.Rc7+ Kd8 56.Kf4 h5 57.Kf5 h4
58.e7+ Ke8 59.Rc8+ Kf7 60.Rf8+ Kg7  1-0

[Event "5th Rohde Open"]
[Site "Sautron FRA"]
[Date "2005.10.23"]
[Round "2"]
[White "Cornette,M"]
[Black "Potkin,V"]
[Result "0-1"]
[WhiteElo "2418"]
[BlackElo "2555"]

1.e4 e6 2.d4 d5 3.Nc3 Bb4 4.e5 Ne7 5.a3 Bxc3+ 6.bxc3 b6 7.Qg4 Ng6 8.h4 h5
9.Qg3 Ba6 10.Bxa6 Nxa6 11.Ne2 Qd7 12.Nf4 Nxf4 13.Bxf4 Kf8 14.a4 Nb8 15.O-O Nc6
16.Qd3 Ne7 17.Bg5 Qc6 18.Ra3 a5 19.Qf3 Nf5 20.Qf4 Kg8 21.f3 Rf8 22.Qh2 f6
23.Bf4 Kf7 24.Re1 Rc8 25.Bd2 Qc4 26.Qf4 Rcg8 27.exf6 gxf6 28.Raa1 Re8 29.Kf2 Rhg8
30.Re2 Rxg2+  0-1

[Event "Chigorin Mem"]
[Site "St Petersburg RUS"]
[Date "2005.10.23"]
[Round "9"]
[White "Smirnov,I UKR"]
[Black "Goganov,A"]
[Result "1-0"]
[WhiteElo "2459"]
[BlackElo "2118"]

1.e4 e6 2.d4 d5 3.Nc3 Bb4 4.e5 Ne7 5.a3 Bxc3+ 6.bxc3 c5 7.Nf3 Qa5 8.Bd2 Nbc6
9.a4 Bd7 10.Bb5 O-O 11.O-O c4 12.Qb1 a6 13.Bxc6 Bxc6 14.Bc1 b5 15.axb5 Qxb5
16.Ba3 Rfe8 17.Qc1 Qb7 18.Qf4 Qd7 19.h4 Ng6 20.Qg4 Nf8 21.h5 Kh8 22.h6 f6
23.exf6 gxf6 24.Qf4 Ng6 25.Qxf6+ Kg8 26.Ne5 Nxe5 27.Qxe5 Ba4 28.Qg5+ Kh8
29.Bd6  1-0

[Event "SCG First League m"]
[Site "Vrnjacka Banja SCG"]
[Date "2005.10.25"]
[Round "9"]
[White "Marjanovic,Slavo"]
[Black "Drasko,M"]
[Result "1/2-1/2"]
[WhiteElo "2497"]
[BlackElo "2528"]

1.e4 e6 2.d4 d5 3.Nc3 Bb4 4.e5 Ne7 5.a3 Bxc3+ 6.bxc3 c5 7.Qg4 O-O 8.Bd3 Nbc6
9.Bg5 Qa5 10.Ne2 Ng6 11.O-O c4 12.Bxg6 fxg6 13.f3 b5 14.h4 Qb6 15.f4 a5 16.h5 gxh5
17.Qxh5 Ra7 18.f5 exf5 19.Nf4 Nxe5 20.Nxd5 Qg6 21.Qh4 Nc6 22.Rae1 Raf7 23.Re3 f4
24.Rxf4 Rxf4 25.Bxf4 Qf7 26.Bd6 Re8 27.Qg5 Rxe3 28.Nxe3 Qe6 29.Qf4 Qf6 30.Qg3 b4
31.axb4 axb4 32.Nxc4 bxc3 33.d5 Nd4 34.Qe3 Bd7 35.Be5 Nxc2 36.Qxc3 Qh4 37.Bxg7 Qe1+
38.Qxe1 Nxe1 39.Bd4 Kf8 40.Ne5 Bf5 41.d6 Ke8 42.g4 Bxg4 43.Kf2 Nc2 44.Bc5 h5
45.Kg3 Na1 46.Kf4 Nb3 47.Bb6 Be6 48.Kg5 Nd2 49.Kf6 Bd7 50.Ng6 Ne4+ 51.Ke5 Nd2
52.Bf2 Kf7  1/2-1/2

[Event "II Open"]
[Site "Calvia ESP"]
[Date "2005.10.26"]
[Round "7"]
[White "Pena Gomez,M"]
[Black "Fernandez Romero,Ern"]
[Result "0-1"]
[WhiteElo "2315"]
[BlackElo "2442"]

1.e4 e6 2.d4 d5 3.Nc3 Bb4 4.e5 Ne7 5.a3 Bxc3+ 6.bxc3 b6 7.h4 Ba6 8.Bxa6 Nxa6
9.h5 h6 10.Qg4 Rg8 11.Nh3 Qd7 12.a4 Qc6 13.Qf3 Qc4 14.Nf4 c5 15.Rh4 Nf5 16.Rg4 Nb4
17.Nxe6 Nxc2+ 18.Kd2 fxe6 19.dxc5 Qb3 20.Rg6 Ke7 21.g4 Nxa1 22.Rxe6+ Kxe6
23.gxf5+ Kd7 24.e6+ Kc6  0-1

[Event "SCG First League w"]
[Site "Vrnjacka Banja SCG"]
[Date "2005.10.26"]
[Round "10"]
[White "Marcetic,Ma"]
[Black "Kononenko,T"]
[Result "0-1"]
[WhiteElo "2258"]
[BlackElo "2423"]

1.e4 e6 2.d4 d5 3.Nc3 Bb4 4.e5 Ne7 5.a3 Bxc3+ 6.bxc3 c5 7.Qg4 O-O 8.Bd3 f5
9.exf6 Rxf6 10.Bg5 Rf7 11.Qh5 g6 12.Qd1 Nbc6 13.Nf3 c4 14.Be2 Qf8 15.O-O h6
16.Bc1 Qg7 17.a4 Bd7 18.Ba3 g5 19.Bd6 Nf5 20.Be5 Qg6 21.h3 h5 22.Qd2 g4 23.hxg4 hxg4
24.Nh2 Nxe5 25.dxe5 Nh6 26.g3 Raf8 27.Qd4 Rg7 28.Bd1 a6 29.a5 Qh5 30.Be2 Nf5
31.Bxg4 Qxh2+ 32.Kxh2 Nxd4 33.cxd4 Rxg4 34.f4 Kf7 35.Kh3 Rfg8 36.Rf3 R8g7
37.Rb1 Bb5 38.Kg2 Ke7 39.Rh1 Be8 40.Rh6 Bg6 41.Kh3 Bxc2  0-1

[Event "1st Rapid"]
[Site "Venaco FRA"]
[Date "2005.10.28"]
[Round "5"]
[White "Kogan,Ar"]
[Black "Riazantsev,A"]
[Result "1/2-1/2"]
[WhiteElo "2574"]
[BlackElo "2603"]

1.d4 e6 2.e4 d5 3.Nc3 Bb4 4.e5 Ne7 5.a3 Bxc3+ 6.bxc3 b6 7.Qg4 Ng6 8.a4 Qd7
9.Bb5 c6 10.Bd3 Ba6 11.Ba3 c5 12.dxc5 Qc7 13.Nf3 bxc5 14.O-O Bxd3 15.cxd3 Nd7
16.d4 O-O 17.h4 Ne7 18.h5 h6 19.Nh4 Qa5 20.Qg3 Rab8 21.dxc5 Nc6 22.f4 Rb3
23.f5 Qxc3 24.Nf3 Ndxe5 25.f6 Nxf3+ 26.Rxf3 Qxa1+ 27.Kh2 Qxf6 28.Rxb3 Qf5
29.Qh4 Qe5+ 30.Kh1 Rb8 31.Bb2 Qg5 32.Rxb8+ Nxb8 33.Qb4 Qxh5+ 34.Kg1 Nc6 35.Qb5 Qd1+
36.Kh2 Qh5+ 37.Kg1 Qd1+ 38.Kh2 Qd2 39.Qxc6 Qxb2 40.Qd6 Qf2 41.c6 Qh4+ 42.Kg1 Qe1+
43.Kh2 Qh4+  1/2-1/2